Μαρξιστικοί ορίζοντες στην κοινωνική ανθρωπολογία

Αποθηκεύτηκε σε:
Λεπτομέρειες βιβλιογραφικής εγγραφής
Κύριος συγγραφέας: Godelier, Maurice
Άλλοι συγγραφείς: Παραδέλλης, Θεόδωρος (Επιμελητής έκδοσης, Μεταφραστής)
Μορφή: Βιβλίο
Γλώσσα:Greek
French
Δημοσίευση: Αθήνα : Gutenberg, 1988.
Σειρά:Κοινωνιολογική και ανθρωπολογική βιβλιοθήκη ; 20
Θέματα:
Ετικέτες: Προσθήκη ετικέτας
Δεν υπάρχουν, Καταχωρήστε ετικέτα πρώτοι!

MARC

LEADER 00000cam a2200000 i 4500
001 1/65668
008 931012s1988 gr | ||| |||| ||gre||
020 |a 960010039X 
020 |a 960-01-0040-3 
035 |a ΛΕΣΒΟΣb10001595  |l 10001595 
035 |a 1992  |b 2  |c Δωρεά 
040 |a GR-MyUA  |b gre  |e AACR2 
041 1 |a gre  |h fre 
082 0 |a 306.3 
100 1 |a Godelier, Maurice. 
245 1 0 |a Μαρξιστικοί ορίζοντες στην κοινωνική ανθρωπολογία /   |c Maurice Godelier ; επιμέλεια, σχόλια, μετάφραση Θεόδωρος Παραδέλλης.  
260 |a Αθήνα :   |b Gutenberg,   |c 1988.  
300 |a 2 τ.  
490 1 |a (Κοινωνιολογική και ανθρωπολογική βιβλιοθήκη   |v ; 20)  
500 |a Τίτλος πρωτοτύπου: Horizon, trajets marxistes en anthropologie.  
504 |a Περιέχει βιβλιογραφικές αναφορές.  
650 0 0 |a Economics anthropology. 
650 0 0 |a Dialectical materialism. 
650 0 0 |a Ethnology. 
700 1 |a Παραδέλλης, Θεόδωρος,  |e edt  |e trl 
830 0 |a Κοινωνιολογική και ανθρωπολογική βιβλιοθήκη ;  |v  20 
852 |a INST  |b LESVOS  |e 19931012  |h 306.3 GOD  |p 005100004806  |q 005100004806  |t BK  |y 0  |z τ.1 
852 |a INST  |b LESVOS  |e 19931020  |h 306.3 GOD  |p 005100004807  |q 005100004807  |t BK  |y 0  |z τ.1 
852 |a INST  |b LESVOS  |e 19931012  |h 306.3 GOD  |p 005100004808  |q 005100004808  |t BK  |y 0  |z τ.1 
852 |a INST  |b LESVOS  |e 19931013  |h 306.3 GOD  |p 005100004809  |q 005100004809  |t BK  |y 0  |z τ.1 
852 |a INST  |b LESVOS  |e 19931012  |h 306.3 GOD  |p 005100004810  |q 005100004810  |t BK  |y 0  |z τ.1 
852 |a INST  |b LESVOS  |e 19980220  |h 306.3 GOD  |p 005100015013  |q 005100015013  |t BK  |y 0  |z τ.2 
852 |a INST  |b LESVOS  |e 19980220  |h 306.3 GOD  |p 005100015014  |q 005100015014  |t BK  |y 0  |z τ.2 
852 |a INST  |b LESVOS  |e 20010126  |h 306.3 GOD  |p 005100027260  |q 005100027260  |t BK  |y 0  |z τ.1 
852 |a INST  |b LESVOS  |e 20110405  |h 306.3 GOD  |p 005100049119  |q 005100049119  |t BK  |y 0  |z τ.1 
852 |a INST  |b LESVOS  |e 20110405  |h 306.3 GOD  |p 005100049120  |q 005100049120  |t BK  |y 0  |z τ.1 
852 |a INST  |b LESVOS  |e 20110405  |h 306.3 GOD  |p 005100049121  |q 005100049121  |t BK  |y 0  |z τ.1 
852 |a INST  |b LESVOS  |e 20110405  |h 306.3 GOD  |p 005100049122  |q 005100049122  |t BK  |y 0  |z τ.1 
852 |a INST  |b LESVOS  |e 19931012  |h 306.3 GOD  |p 005100004806  |q 005100004806  |t BK  |v τ.1:  |y 0  |z τ.1 
852 |a INST  |b LESVOS  |e 19931020  |h 306.3 GOD  |p 005100004807  |q 005100004807  |t BK  |v τ.1:  |y 0  |z τ.1 
852 |a INST  |b LESVOS  |e 19931012  |h 306.3 GOD  |p 005100004808  |q 005100004808  |t BK  |v τ.1:  |y 0  |z τ.1 
852 |a INST  |b LESVOS  |e 19931013  |h 306.3 GOD  |p 005100004809  |q 005100004809  |t BK  |v τ.1:  |y 0  |z τ.1 
852 |a INST  |b LESVOS  |e 19931012  |h 306.3 GOD  |p 005100004810  |q 005100004810  |t BK  |v τ.1:  |y 0  |z τ.1 
852 |a INST  |b LESVOS  |e 19980220  |h 306.3 GOD  |p 005100015013  |q 005100015013  |t BK  |v τ.2:  |y 0  |z τ.2 
852 |a INST  |b LESVOS  |e 19980220  |h 306.3 GOD  |p 005100015014  |q 005100015014  |t BK  |v τ.2:  |y 0  |z τ.2 
852 |a INST  |b LESVOS  |e 20010126  |h 306.3 GOD  |p 005100027260  |q 005100027260  |t BK  |v τ.1:  |y 0  |z τ.1 
852 |a INST  |b LESVOS  |e 20110405  |h 306.3 GOD  |p 005100049119  |q 005100049119  |t BK  |v τ.1:  |y 0  |z τ.1 
852 |a INST  |b LESVOS  |e 20110405  |h 306.3 GOD  |p 005100049120  |q 005100049120  |t BK  |v τ.1:  |y 0  |z τ.1 
852 |a INST  |b LESVOS  |e 20110405  |h 306.3 GOD  |p 005100049121  |q 005100049121  |t BK  |v τ.1:  |y 0  |z τ.1 
852 |a INST  |b LESVOS  |e 20110405  |h 306.3 GOD  |p 005100049122  |q 005100049122  |t BK  |v τ.1:  |y 0  |z τ.1 
852 |a INST  |b RHODES  |e 19960529  |h 306 GOD  |p 005400003817  |q 005400003817  |t BK  |y 0  |z τ.1 
852 |a INST  |b RHODES  |e 20000210  |h 306 GOD  |p 005400013984  |q 005400013984  |t BK  |y 0  |z τ.2 
852 |a INST  |b RHODES  |e 19960529  |h 306 GOD  |p 005400003817  |q 005400003817  |t BK  |v τ.1:  |y 0  |z τ.1 
852 |a INST  |b RHODES  |e 20000210  |h 306 GOD  |p 005400013984  |q 005400013984  |t BK  |v τ.2:  |y 0  |z τ.2 
853 |a INST  |b LESVOS  |h 306.3 GOD 
853 |a INST  |b RHODES  |h 306 GOD 
901 |a BIBL1-2011-1 
909 |a Λ  |b 019924 
909 |a Λ  |b 023614 
909 |a Λ  |b 051726 
909 |a Λ  |b 019923 
909 |a Λ  |b 019925 
909 |a Λ  |b 016885 
909 |a Λ  |b 051732 
909 |a Λ  |b 084810 
909 |a Ρ  |b 023615 
909 |a Ρ  |b 073647 
909 |a Λ  |b 167854 
909 |a Λ  |b 167853 
909 |a Λ  |b 167852 
909 |a Λ  |b 167851 
922 |a 4ΔΩΡ  |b 200002  |c ΔΩΡΕΑ